Взаимодействие мозга и тела при сочетанных речевых нарушениях различной этиологии: из опыта работы (Запись № 12310042)

Подробности
000 -МАРКЕР
контрольное поле 02566nam0a2200397 4500
001 - ИДЕНТИФИКАТОР ЗАПИСИ
контрольное поле RU\NLR\BIBL_A\021958477
005 - ИДЕНТИФИКАТОР ВЕРСИИ
контрольное поле 20250625064641.0
010 ## - МЕЖДУНАРОДНЫЙ СТАНДАРТНЫЙ НОМЕР КНИГИ (ISBN)
Номер (ISBN) 978-5-6048691-0-9
Тираж 200
021 ## - НОМЕР ГОСУДАРСТВЕННОЙ РЕГИСТРАЦИИ
Код страны российская федерация
Номер 2023-30183
Номер Листа государственной регистраци КН-П-2986
035 ## - ДРУГИЕ СИСТЕМНЫЕ НОМЕРА
Идентификатор записи (RuMoRGB)011779138
035 ## - ДРУГИЕ СИСТЕМНЫЕ НОМЕРА
Идентификатор записи (NLR Aleph) 021958477
100 ## - ДАННЫЕ ОБЩЕЙ ОБРАБОТКИ
Данные общей обработки 20230607d2023 |||y0rusy50 ca
101 0# - ЯЗЫК РЕСУРСА
Язык текста, звукозаписи и т.д. русский
102 ## - СТРАНА ПУБЛИКАЦИИ ИЛИ ПРОИЗВОДСТВА
Страна публикации российская федерация
105 ## - ПОЛЕ КОДИРОВАННЫХ ДАННЫХ: ТЕКСТОВЫЕ МАТЕРИАЛЫ, МОНОГРАФИЧЕСКИЕ
Кодированные данные о монографическом текстовом документе y|||z|||000zy
181 #0 - ПОЛЕ КОДИРОВАННЫХ ДАННЫХ: ВИД СОДЕРЖАНИЯ
Код вида содержания (ISBD) i
Код характеристики содержания (ISBD) axxe
182 #0 - ПОЛЕ КОДИРОВАННЫХ ДАННЫХ: ТИП СРЕДСТВА
Код типа средства (ISBD) n - непосредственное
200 1# - ЗАГЛАВИЕ И СВЕДЕНИЯ ОБ ОТВЕТСТВЕННОСТИ
Основное заглавие Взаимодействие мозга и тела при сочетанных речевых нарушениях различной этиологии: из опыта работы
Сведения, относящиеся к заглавию практическое учебное пособие
Первые сведения об ответственности Л. Б. Адер
203 ## - ВИД СОДЕРЖАНИЯ И ТИП СРЕДСТВА
Вид содержания Текст
Дополнительные сведения об издании визуальный
Тип средства непосредственный
210 ## - ПУБЛИКАЦИЯ, РАСПРОСТРАНЕНИЕ И ДР.
Место издания, распространения и т.д. Санкт-Петербург
Имя издателя, распространителя и т. д. Ресурс
Дата издания, распространения и т.д. 2023
215 ## - ФИЗИЧЕСКАЯ ХАРАКТЕРИСТИКА
Специфическое обозначение материала и объем 203 с.
Размеры 22
300 ## - ОБЩИЕ ПРИМЕЧАНИЯ
Текст примечания На 4-й с. обл. авт.: Адер Л. Б., заслуж. учитель России, логопед
320 ## - ПРИМЕЧАНИЯ О НАЛИЧИИ В ДОКУМЕНТЕ БИБЛИОГРАФИИ / УКАЗАТЕЛЯ
Текст примечания Библиогр.: с. 199-200 (36 назв.)
330 ## - РЕЗЮМЕ ИЛИ РЕФЕРАТ
Текст примечания Взаимодействие мозга и тела при сочетанных речевых нарушениях различной этиологии: из опыта работы Практическое учебное пособие включает теоретический и практический материал, основанный на многолетнем опыте работы автора. Адресуется логопедам, дефектологам, психологам, нейропсихологам, медикам разных специальностей и родителям. Может и с- пользоваться для подготовки студентов данного профиля. А также в качестве необходимой профилактики
606 1# - НАИМЕНОВАНИЕ ТЕМЫ КАК ПРЕДМЕТ
Наименование темы Логопедическая помощь детям
Формальный подзаголовок Практические пособия
Системный номер авторитетной/нормативной записи 945893
Идентификатор авторитетной/нормативной записи RU\NLR\AUTH\66350711
606 1# - НАИМЕНОВАНИЕ ТЕМЫ КАК ПРЕДМЕТ
Наименование темы Речь
Формальный подзаголовок Практические пособия
Тематический подзаголовок Развитие у детей
Системный номер авторитетной/нормативной записи 1966905
Идентификатор авторитетной/нормативной записи RU\NLR\AUTH\66900959
606 1# - НАИМЕНОВАНИЕ ТЕМЫ КАК ПРЕДМЕТ
Наименование темы Афазия
Формальный подзаголовок Практические пособия
Системный номер авторитетной/нормативной записи 900520
Идентификатор авторитетной/нормативной записи RU\NLR\AUTH\667218
686 1# - ИНДЕКСЫ ДРУГИХ КЛАССИФИКАЦИЙ
Индекс Ч437.191я7
686 1# - ИНДЕКСЫ ДРУГИХ КЛАССИФИКАЦИЙ
Индекс Р731.968я7
686 1# - ИНДЕКСЫ ДРУГИХ КЛАССИФИКАЦИЙ
Индекс Р62-321.11я7
700 #1 - ИМЯ ЛИЦА - ПЕРВИЧНАЯ ОТВЕТСТВЕННОСТЬ
Начальный элемент ввода Адер
Часть имени, кроме начального элемента ввода Л. Б.
Расширение инициалов личного имени Людмила Борисовна
942 ## - ДОПОЛНИТЕЛЬНЫЕ ЭЛЕМЕНТЫ ЗАПИСИ (АБИС)
Тип экземпляра АБИС Книга
980 ## - КОЛЛЕКЦИЯ
Название коллекции Национальная библиография
Экземпляры
Тип экземпляра Дата поступления Источник поступления Библиотека постоянного хранения Библиотека текущего хранения Место хранения Шифр хранения Штрих-код Статус не для выдачи Стоимость
Книга 07.06.2023 Обязательный экземпляр РНБ (Московский) РНБ (Московский) Русский книжный фонд: издания с 1957 года, 8этаж, Хран. 2023-5/4622 1-4187697    
Книга 07.06.2023 Обязательный экземпляр РНБ (Московский) РНБ (Московский) Русский книжный фонд: издания с 1957 года, 8этаж, Хран. 2023-5/4622 1-4187693    
Книга 16.06.2023   РНБ (Садовая) РНБ (Садовая) Универсальный читальный зал   ERR-287624   0.00